000 00299nam a22001457a 4500
003 SGT
082 _a618.92
_bC74V
100 _aVOLPOR, M.
245 _aCHILDHOOD ORTHOPAEDICS
250 _a1ST
260 _aMOSCOW
_bMIR PUB
_c1974
300 _a280
650 _aORTHOPAEDICS
942 _2ddc
_cRARE
999 _c29187
_d29187